<?xml version="1.0" encoding="UTF-8"?>
<record
    xmlns:xsi="http://www.w3.org/2001/XMLSchema-instance"
    xsi:schemaLocation="http://www.loc.gov/MARC21/slim http://www.loc.gov/standards/marcxml/schema/MARC21slim.xsd"
    xmlns="http://www.loc.gov/MARC21/slim">

  <leader>00474nam a2200193   4500</leader>
  <controlfield tag="005">20260114145321.0</controlfield>
  <datafield tag="020" ind1=" " ind2=" ">
    <subfield code="a">9789360740382</subfield>
  </datafield>
  <datafield tag="082" ind1=" " ind2=" ">
    <subfield code="a">515.7</subfield>
    <subfield code="b">JAI.F</subfield>
  </datafield>
  <datafield tag="084" ind1=" " ind2=" ">
    <subfield code="2">Colon Classification</subfield>
  </datafield>
  <datafield tag="100" ind1=" " ind2=" ">
    <subfield code="a">Jain,P K</subfield>
    <subfield code="9">7997</subfield>
  </datafield>
  <datafield tag="245" ind1=" " ind2=" ">
    <subfield code="a">Functional analysis</subfield>
  </datafield>
  <datafield tag="250" ind1=" " ind2=" ">
    <subfield code="a">4th.ed.</subfield>
  </datafield>
  <datafield tag="260" ind1=" " ind2=" ">
    <subfield code="a">NewDelhi:</subfield>
    <subfield code="b">New Age International,</subfield>
    <subfield code="c">2025.</subfield>
  </datafield>
  <datafield tag="300" ind1=" " ind2=" ">
    <subfield code="a">384p.</subfield>
  </datafield>
  <datafield tag="650" ind1=" " ind2=" ">
    <subfield code="a">Mathematics</subfield>
  </datafield>
  <datafield tag="700" ind1=" " ind2=" ">
    <subfield code="a">Ahuja,Om P</subfield>
    <subfield code="9">7998</subfield>
  </datafield>
  <datafield tag="700" ind1=" " ind2=" ">
    <subfield code="a">Pankaj Jain</subfield>
    <subfield code="9">7999</subfield>
  </datafield>
  <datafield tag="942" ind1=" " ind2=" ">
    <subfield code="2">ddc</subfield>
    <subfield code="c"> GIF </subfield>
  </datafield>
  <datafield tag="999" ind1=" " ind2=" ">
    <subfield code="c">755102</subfield>
    <subfield code="d">755102</subfield>
  </datafield>
  <datafield tag="952" ind1=" " ind2=" ">
    <subfield code="0">0</subfield>
    <subfield code="1">0</subfield>
    <subfield code="2">ddc</subfield>
    <subfield code="4">0</subfield>
    <subfield code="7">0</subfield>
    <subfield code="a">CAMPUS</subfield>
    <subfield code="b">CAMPUS</subfield>
    <subfield code="c">GEN</subfield>
    <subfield code="d">2026-01-15</subfield>
    <subfield code="l">0</subfield>
    <subfield code="o">515.7 JAI.F</subfield>
    <subfield code="p">UCLG1045</subfield>
    <subfield code="r">2026-01-14 09:23:55</subfield>
    <subfield code="w">2026-01-14</subfield>
    <subfield code="y"> GIF </subfield>
  </datafield>
  <datafield tag="952" ind1=" " ind2=" ">
    <subfield code="0">0</subfield>
    <subfield code="1">0</subfield>
    <subfield code="2">ddc</subfield>
    <subfield code="4">0</subfield>
    <subfield code="7">0</subfield>
    <subfield code="8">TB</subfield>
    <subfield code="a">CAMPUS</subfield>
    <subfield code="b">CAMPUS</subfield>
    <subfield code="c">GEN</subfield>
    <subfield code="d">2026-01-15</subfield>
    <subfield code="l">0</subfield>
    <subfield code="o">515.7 JAI.F</subfield>
    <subfield code="p">UCL35765</subfield>
    <subfield code="r">2026-04-21 11:43:57</subfield>
    <subfield code="t">1</subfield>
    <subfield code="w">2026-01-14</subfield>
    <subfield code="y">BK</subfield>
  </datafield>
</record>
